000 00606nam a2200205Ia 4500
005 20250508162007.0
008 008 250505s9999 xx 000 0 eng d
037 _aTextual
040 _aFEDL
_beng
_cFEDL
041 _aeng
_2eng
084 _a951, CLY
_qFEDL
100 _aClyde Paul H
245 0 _aFar East: A history of western impacts and Eastern responses, 1830-1975
250 _a6th
260 _aNew Delhi, India
_bPrentice Hall of India Pvt. Ltd.
_c1977
300 _axxi,544p.
700 _a Beers Burton F
_9771982
942 _cTEXL
_h951, CLY
999 _c1373717
_d1373717